00464 2200181 4500001002100000005001500021035002000036007000300056008004100059020002200100082000800122084001400130100001100144245002600155260004000181300004600221600001500267INLIS00000000000037520221027010951 a0010-1022000117ta221027 a 1 ind  a978-602-252-816-6 a613 a613 ALD c0 aAldora1 aCika Alergi /cAldora aJakarta :bErlangga For Kids,c2019 a22 halaman :bilustrasi berwarna ;c22 cm 4afiksi anak